[Event "Teplice Open 2019"]
[Site "Teplice"]
[Date "2019.06.17"]
[Round "3.1"]
[White "Berkes, Ferenc"]
[Black "Loiseau, Quentin"]
[Result "1-0"]
[WhiteElo "2675"]
[BlackElo "2471"]
[Annotator "TA"]
[PlyCount "63"]
[EventDate "2019.06.15"]
[EventType "swiss"]
[EventCountry "CZE"]
[SourceTitle "playchess.com"]
[Source "ChessBase"]
[SourceQuality "1"]

{[%evp 13,63,0,2,2,27,31,55,43,56,19,53,19,57,4,30,43,54,54,55,70,62,58,66,92,77,77,76,64,125,99,110,0,0,0,0,-67,0,0,0,0,25,4,183,155,191,191,191,199,193,191,29991,29992]} 1. Nf3 d5 2. g3 g6 3. Bg2 Bg7 4. d4 c6 5. O-O Nf6 6. c4 O-O 7. a4 dxc4 8. Na3 {D73: Fianchetto Grünfeld: 5 Nf3} (8. Qc2 Be6 9. e4 h6 10. Rd1 Na6 11. Ne5 Nb4 12. Qc3 c5 13. d5 Ng4 14. Bf4 g5 15. Bf3 Bc8 16. Bxg4 Bxg4 {0-1 (25) Vidit,S (2702)-Anand,V (2773) Kolkata 2018}) 8... Na6 9. Nxc4 Be6 10. b3 {White is slightly better.} Bd5 11. Bb2 c5 12. Rc1 Rc8 13. e3 {[#]} (13. Ne3 $14) 13... e6 $146 ({Predecessor:} 13... cxd4 14. Bxd4 Nc5 15. Nfd2 b6 {½-½ (34) Ponfilenok,V (2440)-Kharlov,A (2511) Kazan 2009}) 14. Qe2 Qe7 15. Ba3 Rfd8 16. Ncd2 Ne4 17. Rfd1 Bf8 18. Nxe4 Bxe4 19. Ne5 Bxg2 20. Kxg2 Qc7 (20... f6 $14) 21. Qf3 $16 Bd6 22. Ng4 ({Better is} 22. Nd3 $16) 22... f5 $11 23. Nf6+ Kg7 24. dxc5 (24. e4 $1 $11) 24... Be5 (24... Be7 $1 $15 25. c6 Bxa3 26. Ne8+ Rxe8 27. Rd7+ Re7 28. Rxc7 Rcxc7) 25. Rxd8 Rxd8 26. c6 $36 {[%mdl 2048] White is pushing.} Bxf6 27. cxb7 Qb6 $2 (27... Qd7 $1 $11 {and Black is okay.}) 28. Qc6 $18 Rb8 29. Qd7+ Kh6 30. Rc6 {[%mdl 64] [#] Double Attack} Qxb3 31. Qxe6 ({Don't do} 31. Rxa6 $6 Qxa3 32. Rxe6 Qb2 $16) 31... Bg7 $2 (31... Qxa3 $18 32. Qxf6 Qxa4) 32. Qxb3 {Accuracy: White = 60%, Black = 27%.} 1-0

[Event "Teplice Open 2019"]
[Site "Teplice"]
[Date "2019.06.17"]
[Round "3.2"]
[White "Gavrilescu, David"]
[Black "Demchenko, Anton"]
[Result "1/2-1/2"]
[WhiteElo "2475"]
[BlackElo "2671"]
[Annotator "TA"]
[PlyCount "95"]
[EventDate "2019.06.15"]
[EventType "swiss"]
[EventCountry "CZE"]
[SourceTitle "playchess.com"]
[Source "ChessBase"]
[SourceQuality "1"]

{[%evp 15,95,37,48,20,22,9,44,10,28,16,25,6,23,21,15,13,33,12,15,11,17,0,16,0,15,-11,-16,-31,-8,-5,0,-5,0,-17,-8,-42,-39,-33,-37,-30,-31,-28,-16,-18,-14,-16,-15,-16,-4,-4,-4,-6,-6,-6,-3,-4,0,0,0,0,-3,-4,0,0,0,-7,0,0,0,-6,0,0,0,-6,0,0,0,0,0,0,0,0]} 1. e4 d6 2. d4 g6 3. Nf3 Nf6 4. Bd3 Bg7 5. O-O O-O 6. Re1 Nc6 7. c3 e5 8. h3 h6 9. a4 {B07: Pirc Defence: Miscellaneous Systems} b6 $146 ({Predecessor:} 9... Nd7 10. Bc2 exd4 11. cxd4 Nb4 12. Nc3 c5 13. Be3 cxd4 14. Bxd4 Ne5 15. Nxe5 dxe5 16. Bc5 Qxd1 17. Bxd1 {½-½ (60) Kamsky,G (2661)-Hillarp Persson,T (2511) Stockholm 2016}) 10. Nbd2 Nd7 {[%cal Re5d4]} 11. dxe5 {White is slightly better.} (11. d5 {keeps more tension.} Ne7 12. a5 Rb8 13. b4 b5 14. Bc2) 11... Ncxe5 12. Nxe5 Nxe5 13. Bc2 Bb7 14. Nf3 Nxf3+ 15. Qxf3 Qd7 16. Qd3 a5 17. Bf4 Rae8 18. Bb3 Bc6 19. Qc2 Re7 20. Bd5 Rfe8 21. Kf1 b5 22. Bd2 Rb8 23. axb5 Rxb5 24. Qd3 a4 25. Qc2 Bxd5 26. exd5 Rxe1+ 27. Bxe1 Rb3 28. Qe2 Kh7 29. Ra2 {The position is equal.} c5 30. dxc6 Qxc6 31. Qg4 Qb5+ 32. Qe2 Qb7 33. Rxa4 Rxb2 34. Qd3 Qe7 35. Re4 Qf6 36. Rd4 Qe5 {[#] And now ...Qh2 would win.} 37. g3 Ra2 {next ...Qe6 is good for Black.} 38. Re4 Qf5 39. Kg2 Ra1 {aiming for ...Rxe1!} 40. Qf3 Qd7 41. Bd2 d5 42. Re1 (42. Rf4 {is interesting.} Qb5 43. h4 f5 44. Rb4 Qf1+ 45. Kh2) 42... Ra3 43. Re3 Ra1 44. Re1 Ra6 45. Rd1 Ra3 {With the idea ...d4.} 46. Be3 Rxc3 {Black wants to play ...d4.} 47. Qxd5 Qxd5+ 48. Rxd5 {Accuracy: White = 52%, Black = 47%.} 1/2-1/2

[Event "Teplice Open 2019"]
[Site "Teplice"]
[Date "2019.06.17"]
[Round "3.3"]
[White "Nisipeanu, Liviu-Dieter"]
[Black "Ankit, R. Rajpara"]
[Result "1/2-1/2"]
[WhiteElo "2667"]
[BlackElo "2447"]
[Annotator "TA"]
[PlyCount "77"]
[EventDate "2019.06.15"]
[EventType "swiss"]
[EventCountry "CZE"]
[SourceTitle "playchess.com"]
[Source "ChessBase"]
[SourceQuality "1"]

{[%evp 11,77,7,29,25,27,18,32,30,32,31,26,31,33,36,52,50,52,44,39,47,44,44,47,37,77,85,94,102,102,71,105,114,98,58,53,0,91,0,64,24,27,12,26,-6,0,-2,-4,-6,-3,-8,-5,-10,0,0,0,0,0,0,0,0,2,0,0,0,0,0,0,-8]} 1. e4 c6 2. Nc3 d5 3. Nf3 Bg4 4. h3 Bxf3 5. Qxf3 e6 6. d4 dxe4 7. Qxe4 {B11: Caro-Kann: Two Knights Variation} Nd7 8. g3 g6 9. Bg2 {White is slightly better.} Bg7 10. O-O Ne7 11. Qd3 $146 ({Predecessor:} 11. Ne2 O-O 12. c3 Re8 13. Qc2 Nf5 14. Bf4 e5 15. dxe5 Bxe5 {½-½ (42) Dominguez Perez,L (2732)-Grischuk,A (2752) Sochi 2016}) 11... O-O 12. Ne4 Nf5 13. c3 Qc7 14. Rd1 h6 15. Bf4 e5 16. dxe5 Nxe5 17. Qc2 Qb6 18. h4 h5 19. Bh3 {aiming for Bxe5.} Ne7 20. Be3 Qc7 21. Bc5 {[#] Threatens to win with Bd6.} Rfe8 22. Bd6 Qb6 23. Bc5 Qc7 $1 24. Bd6 Qb6 25. Qb3 Nd5 {[#] ...Nf3+ is the strong threat.} 26. Nc5 Ng4 27. Bg2 Re2 {The position is equal.} 28. Qxb6 axb6 29. Nd3 Re6 30. Bxd5 Rxd6 31. Bb3 Rad8 32. Ne1 Rd2 33. Nf3 Rxd1+ 34. Rxd1 Rxd1+ 35. Bxd1 $11 {KBN-KBN} Ne5 36. Ng5 Kf8 37. Be2 b5 38. Kf1 Ke7 39. Ke1 {Accuracy: White = 54%, Black = 70%.} 1/2-1/2

[Event "Teplice Open 2019"]
[Site "Teplice"]
[Date "2019.06.17"]
[Round "3.4"]
[White "Vogel, Roven"]
[Black "Movsesian, Sergei"]
[Result "0-1"]
[WhiteElo "2471"]
[BlackElo "2639"]
[Annotator "RC"]
[PlyCount "76"]
[EventDate "2019.06.15"]
[EventType "swiss"]
[EventCountry "CZE"]
[SourceTitle "playchess.com"]
[Source "ChessBase"]
[SourceQuality "1"]
[TimeControl "40/5400+30:1800+30"]

1. d4 {[%emt 0:00:00]} Nf6 {[%emt 0:00:00]} 2. c4 {[%emt 0:00:00]} e6 {[%emt 0:00:00]} 3. Nf3 {[%emt 0:00:00]} d5 {[%emt 0:00:00]} 4. e3 {[%emt 0:00:04]} a6 {[%emt 0:00:36]} 5. Nbd2 {[%emt 0:01:49]} c5 {[%emt 0:02:18]} 6. b3 {[%emt 0:02:29]} Be7 {[%emt 0:03:58]} 7. Bb2 {[%emt 0:00:37]} O-O {[%emt 0:01:05]} 8. Bd3 {[%emt 0:04:45]} Nc6 {[%emt 0:02:43]} 9. O-O {[%emt 0:01:10]} Nb4 {[%emt 0:03:00]} 10. Be2 {[%emt 0:03:18]} b6 {[%emt 0:03:28]} 11. Ne5 {[%emt 0:03:00]} Bb7 {[%emt 0:00:58]} 12. Ndf3 {[%emt 0:02:15]} Ne4 {[%emt 0:05:53]} 13. a3 {[%emt 0:03:03]} Nc6 {[%emt 0:00:21]} 14. Nxc6 {[%emt 0:02:24]} Bxc6 {[%emt 0:00:05]} 15. Ne5 {[%emt 0:05:08]} Bb7 {[%emt 0:00:36]} 16. Bf3 {[%emt 0:00:34]} Ng5 {[%emt 0:06:10]} 17. Be2 {[%emt 0:01:11]} Ne4 {[%emt 0:05:35]} 18. Bf3 {[%emt 0:00:58]} cxd4 {[%emt 0:07:27]} 19. Bxe4 {[%emt 0:05:32]} dxe4 {[%emt 0:00:47]} 20. Qxd4 {[%emt 0:02:45]} f6 {[%emt 0:06:05]} 21. Qd7 {[%emt 0:03:27]} Bc8 {[%emt 0:01:55]} 22. Qc6 {[%emt 0:03:47]} Ra7 {[%emt 0:00:48]} 23. Rfd1 {[%emt 0:10:35]} Qc7 {[%emt 0:00:42]} 24. Qxe4 {[%emt 0:00:09]} fxe5 {[%emt 0:01:16]} 25. Bxe5 {[%emt 0:00:08]} Qb7 {[%emt 0:00:59]} 26. Qg4 {[%emt 0:00:59]} Rf7 {[%emt 0:01:59]} 27. a4 {[%emt 0:09:13]} Qc6 {[%emt 0:02:51]} 28. h3 {[%emt 0:01:41]} Rd7 {[%emt 0:02:54]} 29. Rxd7 {[%emt 0:01:00]} Bxd7 {[%emt 0:00:40]} 30. Rd1 {[%emt 0:00:19]} Bf8 {[%emt 0:00:38]} 31. Rd4 {[%emt 0:00:55]} Qc5 {[%emt 0:01:23]} 32. Qg3 {[%emt 0:01:41]} Qb4 {[%emt 0:03:29]} 33. Rd3 {[%emt 0:00:25]} Qe1+ {[%emt 0:04:27]} 34. Kh2 {[%emt 0:00:52]} Qe2 {[%emt 0:04:14]} 35. Rd4 {[%emt 0:01:20]} Bc6 {[%emt 0:00:57]} 36. f4 {[%emt 0:01:56]} Rd7 {[%emt 0:02:47]} 37. Qg5 {[%emt 0:01:13]} Rxd4 {[%emt 0:01:52]} 38. Bxd4 {[%emt 0:03:08]} Qc2 {[%emt 0:04:00]} 0-1

[Event "Teplice Open 2019"]
[Site "Teplice"]
[Date "2019.06.17"]
[Round "3.5"]
[White "Abdumalik, Zhansaya"]
[Black "Tari, Aryan"]
[Result "1/2-1/2"]
[WhiteElo "2464"]
[BlackElo "2623"]
[Annotator "TA"]
[PlyCount "99"]
[EventDate "2019.06.15"]
[EventType "swiss"]
[EventCountry "CZE"]
[SourceTitle "playchess.com"]
[Source "ChessBase"]
[SourceQuality "1"]

{[%evp 13,99,16,33,26,41,29,23,2,7,2,12,10,31,26,47,20,20,19,30,26,90,40,83,29,21,21,39,37,35,35,41,41,59,50,52,0,38,21,86,67,75,70,75,75,71,65,65,75,75,72,82,94,105,105,105,91,148,91,135,116,116,116,145,84,112,78,85,83,72,72,103,91,131,104,129,0,81,74,77,37,41,37,42,42,46,8,43,0]} 1. e4 e5 2. Nf3 Nc6 3. Bb5 a6 4. Ba4 Nf6 5. O-O Bc5 6. c3 O-O 7. d4 Ba7 8. Re1 {C78: Ruy Lopez: Archangelsk and Möller Defences} (8. dxe5 Nxe4 9. Bc2 d5 10. exd6 Nxd6 11. Bg5 f6 12. Bf4 g5 13. Bxd6 Qxd6 14. Qxd6 cxd6 15. Nbd2 g4 {0-1 (73) Vallejo Pons,F (2693)-Carlsen,M (2845) Karlsruhe/Baden Baden 2019}) 8... d6 9. h3 b5 10. Bb3 {White has an edge.} h6 11. Be3 Bb7 12. Nbd2 exd4 13. cxd4 Nb4 $146 ({Predecessor:} 13... Re8 14. Qb1 Qd7 15. a3 {½-½ (48) Oren,I (2322)-Chodorowski,R (2147) ICCF email 2015}) 14. Qb1 c5 15. a3 Nc6 $1 {[%cal Rc5d4]} 16. d5 Ne5 (16... Ne7 $11) 17. Bc2 Bb6 18. b4 (18. Nxe5 $16 dxe5 19. b3) 18... c4 $11 19. Qb2 Rc8 {Strongly threatening ...c3.} 20. Qc3 Re8 21. Bxb6 Qxb6 22. a4 Ra8 23. axb5 {And now Nxe5 would win.} axb5 24. Rxa8 (24. Qd4 $1 $14 Nxf3+ 25. Nxf3) 24... Bxa8 ({Much weaker is} 24... Rxa8 $6 25. Nxe5 dxe5 26. Qxe5 $16) 25. Ra1 Bb7 {[#]} (25... Bxd5 $1 $11 {keeps the balance.} 26. Nxe5 (26. exd5 Nxd5 27. Qd4 Qxd4 $11) 26... dxe5) 26. Qd4 $1 $16 {[%cal Rd4b6]} Nxf3+ 27. Nxf3 Qxd4 28. Nxd4 Nxe4 29. Nxb5 Nf6 30. Nxd6 {[%mdl 64] Double Attack} Re2 31. Nxb7 Rxc2 {[%mdl 4096] Endgame [#] KRN-KRN} 32. d6 $1 c3 33. Ra8+ Kh7 {Black wants to play ...Rb2.} 34. Rc8 Kg6 (34... Rc1+ $142 35. Kh2 Kg6) 35. Rc4 ({Better is} 35. g4) 35... Rb2 {Hoping for ...c2.} 36. Rxc3 {aiming for Rg3+.} Rxb4 37. Rc7 Rd4 38. Re7 (38. f3 $142) 38... h5 39. g3 Nd5 40. Re4 Rd1+ (40... Rxe4 $2 {loses.} 41. d7 $18) 41. Kg2 Nf6 42. Re7 Ng8 43. Re3 Nh6 44. Re7 (44. Rc3 $16) 44... Nf5 (44... Ng8 $1 $11 {remains equal.} 45. Rc7 Nf6) 45. Rc7 {Black must now prevent d7.} Nd4 46. Rc8 {d7 is the strong threat.} Ne6 47. Re8 Kf6 48. h4 g6 49. f3 Ng7 50. Re2 {Accuracy: White = 51%, Black = 44%.} (50. Ra8 $5 {[%cal Rb7c5]} Rd2+ 51. Kh3 $11) 1/2-1/2

[Event "Teplice Open 2019"]
[Site "Teplice"]
[Date "2019.06.17"]
[Round "3.6"]
[White "Song, Raymond"]
[Black "Lagarde, Maxime"]
[Result "1-0"]
[WhiteElo "2450"]
[BlackElo "2599"]
[Annotator "ChessBase"]
[PlyCount "84"]
[EventDate "2019.06.15"]
[EventType "swiss"]
[EventCountry "CZE"]
[SourceTitle "playchess.com"]
[Source "ChessBase"]
[SourceQuality "1"]
[TimeControl "40/5400+30:1800+30"]

1. e4 {[%emt 0:00:00]} e6 {[%emt 0:00:02]} 2. d4 {[%emt 0:00:00]} d5 {[%emt 0:00:03]} 3. Nc3 {[%emt 0:00:00]} Nf6 {[%emt 0:02:33]} 4. e5 {[%emt 0:00:00]} Nfd7 {[%emt 0:00:05]} 5. Nce2 {[%emt 0:00:58]} c5 {[%emt 0:01:30]} 6. c3 {[%emt 0:00:05]} Nc6 {[%emt 0:00:24]} 7. Nf3 {[%emt 0:00:05]} cxd4 {[%emt 0:06:24]} 8. cxd4 {[%emt 0:00:17]} f6 {[%emt 0:01:07]} 9. exf6 {[%emt 0:00:06]} Qxf6 {[%emt 0:03:24]} 10. Nc3 {[%emt 0:02:45]} Bd6 {[%emt 0:02:17]} 11. Bd3 {[%emt 0:00:40]} h6 {[%emt 0:02:12]} 12. O-O {[%emt 0:02:05]} O-O {[%emt 0:00:24]} 13. Bc2 {[%emt 0:05:28]} Rf7 {[%emt 0:00:44]} 14. a3 {[%emt 0:08:28]} Nf8 {[%emt 0:01:05]} 15. Ne2 {[%emt 0:07:48]} Bd7 {[%emt 0:02:34]} 16. Ng3 {[%emt 0:00:22]} Rc8 {[%emt 0:01:39]} 17. Nh5 {[%emt 0:05:25]} Qd8 {[%emt 0:00:50]} 18. Re1 {[%emt 0:00:12]} Be8 {[%emt 0:08:35]} 19. Be3 {[%emt 0:08:42]} Na5 {[%emt 0:07:05]} 20. Bd3 {[%emt 0:06:39]} Nc4 {[%emt 0:03:02]} 21. Bc1 {[%emt 0:00:40]} Qb6 {[%emt 0:07:43]} 22. b3 {[%emt 0:07:28]} Rxf3 {[%emt 0:05:45]} 23. Qxf3 {[%emt 0:02:10]} Qxd4 {[%emt 0:01:32]} 24. Bxh6 {[%emt 0:14:05]} Qh4 {[%emt 0:05:37]} 25. Nxg7 {[%emt 0:14:36]} Qxh2+ {[%emt 0:03:20]} 26. Kf1 {[%emt 0:00:01]} Qh1+ {[%emt 0:01:00]} 27. Ke2 {[%emt 0:00:01]} Qxh6 {[%emt 0:00:12]} 28. Nxe8 {[%emt 0:00:52]} Be5 {[%emt 0:03:38]} 29. Qg4+ {[%emt 0:01:59]} Kf7 {[%emt 0:00:41]} 30. bxc4 {[%emt 0:00:05]} Rxe8 {[%emt 0:00:26]} 31. Rab1 {[%emt 0:00:04]} b6 {[%emt 0:00:34]} 32. Rh1 {[%emt 0:00:10]} Qf6 {[%emt 0:00:06]} 33. Rh3 {[%emt 0:00:35]} Ke7 {[%emt 0:00:21]} 34. Qh5 {[%emt 0:01:12]} Nd7 {[%emt 0:00:56]} 35. cxd5 {[%emt 0:00:31]} exd5 {[%emt 0:00:05]} 36. Kf1 {[%emt 0:00:08]} Kd8 {[%emt 0:02:54]} 37. Re1 {[%emt 0:03:16]} Qd6 {[%emt 0:02:28]} 38. Bb5 {[%emt 0:01:25]} Nf6 {[%emt 0:00:07]} 39. Qf5 {[%emt 0:01:05]} Re6 {[%emt 0:00:12]} 40. Rhe3 {[%emt 0:01:21]} Ne4 {[%emt 0:00:08]} 41. Rxe4 {[%emt 0:34:01]} dxe4 {[%emt 0:30:05]} 42. Qxe4 {[%emt 0:00:52]} Qxa3 {[%emt 0:03:32]} 1-0

[Event "Teplice Open 2019"]
[Site "Teplice"]
[Date "2019.06.17"]
[Round "3.7"]
[White "Erenberg, Ariel"]
[Black "Hracek, Zbynek"]
[Result "1/2-1/2"]
[WhiteElo "2434"]
[BlackElo "2582"]
[Annotator "ChessBase"]
[PlyCount "61"]
[EventDate "2019.06.15"]
[EventType "swiss"]
[EventCountry "CZE"]
[SourceTitle "playchess.com"]
[Source "ChessBase"]
[SourceQuality "1"]
[TimeControl "40/5400+30:1800+30"]

1. d4 {[%emt 0:00:00]} Nf6 {[%emt 0:00:00]} 2. c4 {[%emt 0:00:00]} e6 {[%emt 0:00:00]} 3. Nf3 {[%emt 0:00:00]} d5 {[%emt 0:00:06]} 4. Nc3 {[%emt 0:00:09]} Nbd7 {[%emt 0:00:07]} 5. Bf4 {[%emt 0:00:50]} Bb4 {[%emt 0:08:57]} 6. cxd5 {[%emt 0:17:04]} Nxd5 {[%emt 0:05:20]} 7. Bd2 {[%emt 0:00:37]} N7f6 {[%emt 0:02:01]} 8. Qc2 {[%emt 0:08:43]} Nxc3 {[%emt 0:10:54]} 9. bxc3 {[%emt 0:00:15]} Ba5 {[%emt 0:00:11]} 10. e4 {[%emt 0:02:40]} c5 {[%emt 0:00:41]} 11. dxc5 {[%emt 0:13:42]} Qc7 {[%emt 0:09:50]} 12. Rb1 {[%emt 0:20:13]} Nd7 {[%emt 0:08:06]} 13. Bb5 {[%emt 0:06:50]} O-O {[%emt 0:09:17]} 14. Bxd7 {[%emt 0:05:23]} Bxd7 {[%emt 0:00:17]} 15. Be3 {[%emt 0:02:30]} b6 {[%emt 0:06:52]} 16. Nd2 {[%emt 0:01:47]} bxc5 {[%emt 0:01:18]} 17. Nc4 {[%emt 0:00:16]} Rab8 {[%emt 0:00:17]} 18. Nxa5 {[%emt 0:02:54]} Qxa5 {[%emt 0:11:28]} 19. O-O {[%emt 0:00:20]} e5 {[%emt 0:01:13]} 20. Rxb8 {[%emt 0:01:39]} Rxb8 {[%emt 0:00:04]} 21. Rb1 {[%emt 0:00:09]} Rxb1+ {[%emt 0:01:13]} 22. Qxb1 {[%emt 0:00:01]} Qb6 {[%emt 0:00:12]} 23. Qxb6 {[%emt 0:03:46]} axb6 {[%emt 0:00:35]} 24. f4 {[%emt 0:00:50]} Bc6 {[%emt 0:03:42]} 25. fxe5 {[%emt 0:00:09]} Bxe4 {[%emt 0:00:02]} 26. Bg5 {[%emt 0:00:48]} c4 {[%emt 0:00:01]} 27. a4 {[%emt 0:00:30]} Bc6 {[%emt 0:00:04]} 28. Be3 {[%emt 0:00:18]} Bxa4 {[%emt 0:00:02]} 29. Bxb6 {[%emt 0:00:05]} g5 {[%emt 0:00:09]} 30. Bd8 {[%emt 0:00:07]} h6 {[%emt 0:00:04]} 31. Kf2 {[%emt 0:00:07]} 1/2-1/2

[Event "Teplice Open 2019"]
[Site "Teplice"]
[Date "2019.06.17"]
[Round "3.8"]
[White "Cawdery, Daniel"]
[Black "Epishin, Vladimir"]
[Result "0-1"]
[WhiteElo "2428"]
[BlackElo "2564"]
[Annotator "ChessBase"]
[PlyCount "62"]
[EventDate "2019.06.15"]
[EventType "swiss"]
[EventCountry "CZE"]
[SourceTitle "playchess.com"]
[Source "ChessBase"]
[SourceQuality "1"]
[TimeControl "40/5400+30:1800+30"]

1. e4 {[%emt 0:00:00]} d5 {[%emt 0:01:01]} 2. exd5 {[%emt 0:00:00]} Qxd5 {[%emt 0:00:08]} 3. Nc3 {[%emt 0:00:06]} Qd6 {[%emt 0:00:02]} 4. d4 {[%emt 0:00:13]} Nf6 {[%emt 0:00:09]} 5. Nf3 {[%emt 0:00:14]} g6 {[%emt 0:00:20]} 6. h3 {[%emt 0:00:53]} Bg7 {[%emt 0:01:28]} 7. Nb5 {[%emt 0:01:14]} Qd8 {[%emt 0:00:36]} 8. Bf4 {[%emt 0:00:09]} Nd5 {[%emt 0:02:20]} 9. Be5 {[%emt 0:03:40]} O-O {[%emt 0:00:53]} 10. Bxg7 {[%emt 0:12:35]} Kxg7 {[%emt 0:00:15]} 11. c4 {[%emt 0:00:05]} c6 {[%emt 0:02:58]} 12. Nc3 {[%emt 0:00:47]} Nxc3 {[%emt 0:00:13]} 13. bxc3 {[%emt 0:00:01]} Qa5 {[%emt 0:01:03]} 14. Qd2 {[%emt 0:04:29]} Nd7 {[%emt 0:00:04]} 15. Bd3 {[%emt 0:11:48]} e5 {[%emt 0:02:01]} 16. O-O {[%emt 0:00:30]} exd4 {[%emt 0:00:45]} 17. cxd4 {[%emt 0:01:26]} Qxd2 {[%emt 0:00:11]} 18. Nxd2 {[%emt 0:00:01]} Rd8 {[%emt 0:01:34]} 19. Nf3 {[%emt 0:03:46]} Nf8 {[%emt 0:03:54]} 20. Rfd1 {[%emt 0:02:36]} Be6 {[%emt 0:01:19]} 21. Bf1 {[%emt 0:07:51]} f6 {[%emt 0:06:53]} 22. Rd2 {[%emt 0:01:47]} Rd7 {[%emt 0:00:52]} 23. Rad1 {[%emt 0:06:11]} Rad8 {[%emt 0:00:40]} 24. a4 {[%emt 0:03:07]} a5 {[%emt 0:09:51]} 25. Ne1 {[%emt 0:06:24]} Bf7 {[%emt 0:04:04]} 26. Nf3 {[%emt 0:08:08]} Ne6 {[%emt 0:04:42]} 27. g3 {[%emt 0:01:34]} h5 {[%emt 0:15:42]} 28. d5 {[%emt 0:10:17]} cxd5 {[%emt 0:09:51]} 29. Rxd5 {[%emt 0:00:07]} Nc5 {[%emt 0:01:47]} 30. Rxd7 {[%emt 0:02:00]} Rxd7 {[%emt 0:00:08]} 31. Rb1 {[%emt 0:05:58]} Rd6 {[%emt 0:01:30]} 0-1

[Event "Teplice Open 2019"]
[Site "Teplice"]
[Date "2019.06.17"]
[Round "3.9"]
[White "Dastan, Muhammed Batuhan"]
[Black "Mazur, Stefan"]
[Result "0-1"]
[WhiteElo "2561"]
[BlackElo "2426"]
[Annotator "TA"]
[PlyCount "102"]
[EventDate "2019.06.15"]
[EventType "swiss"]
[EventCountry "CZE"]
[SourceTitle "playchess.com"]
[Source "ChessBase"]
[SourceQuality "1"]

{[%evp 15,102,0,0,0,0,-15,-15,-35,0,11,19,4,16,-9,43,49,33,42,32,28,20,-53,-70,-65,-53,-104,-100,-99,-46,-49,-49,-72,-73,-81,-38,-83,-90,-93,-82,-96,-67,-88,-92,-141,-141,-141,-142,-142,-147,-149,-149,-175,-203,-301,-287,-273,-231,-208,-229,-300,-304,-372,-366,-353,-428,-432,-424,-416,-417,-392,-372,-533,-532,-621,-620,-612,-593,-569,-473,-548,-876,-750,-727,-1816,-1573,-1638,-1318,-1798,-1712]} 1. Nf3 Nf6 2. d4 g6 3. Bg5 Bg7 4. Nbd2 d6 5. e4 O-O 6. c3 h6 7. Bh4 c5 8. dxc5 dxc5 9. Qc2 {A48: 1 d4 Nf6 2 Nf3 g6: Torre, London and Colle Systems} Nh5 10. O-O-O $146 ({Predecessor:} 10. Bc4 Nc6 11. O-O g5 12. Bg3 g4 13. Ne1 Nxg3 14. hxg3 e6 15. Rd1 Qg5 {0-1 (33) Sveshnikov,V (2371)-Vitiugov,N (2721) Tallinn 2016}) 10... Qc7 11. Nc4 {The position is equal.} Nc6 (11... b5 $5 {[%cal Rb5c4]} 12. Ne3 Qb7 $11) 12. Ne3 Be6 13. Kb1 Rfd8 14. Nd5 Qa5 ({Black should try} 14... Bxd5 $11 15. exd5 Ne5) 15. Nd2 $1 $14 {[%cal Rd2c4] Strongly threatening Nc4.} Bxd5 16. exd5 Rxd5 17. Bc4 Rd6 18. Nf3 (18. g4 $11 Nf4 19. Bg3) 18... Rxd1+ $1 $15 19. Rxd1 {aiming for Qxg6.} Rd8 $1 20. a3 {[#]} (20. g4 $1 $15 Nf6 21. Rxd8+ Qxd8 22. Bxf6 exf6 23. Qd2) 20... Rxd1+ $1 $17 21. Qxd1 {[#]} Qc7 ({Better is} 21... e6 $1 $17) 22. Qd5 $15 Nd8 23. g4 Nf6 24. Qd3 Qd6 25. Qe2 Nc6 26. Bg3 Qd7 27. h3 a6 28. Ne5 Nxe5 29. Qxe5 b5 30. Bb3 c4 $36 {[%mdl 2048] Keeping White busy.} 31. Bc2 Nd5 32. Qb8+ Kh7 {White must now prevent ...Qe6.} 33. Be5 Qe6 34. Bxg7 (34. f4 {was necessary.}) 34... Kxg7 $19 35. Qa7 Qb6 36. Qxb6 Nxb6 {[%mdl 4096] Endgame KB-KN} 37. Be4 Na4 38. Kc2 Kf6 39. Kd2 Ke5 ({Weaker is} 39... Nxb2 40. Bb7 $17) 40. Bb7 Nc5 41. Bc6 Kf4 42. Ke2 g5 43. Kf1 (43. Bd5 $142) 43... e6 {Black is clearly winning.} 44. Ke2 f5 45. gxf5 exf5 46. Kf1 h5 47. h4 gxh4 48. Kg2 {[#]} h3+ $1 49. Kxh3 Nd3 50. Bb7 Nxf2+ 51. Kg2 Ne4 {Accuracy: White = 46%, Black = 78%.} 0-1